| 000 -LEADER |
| fixed length control field |
00602nam a22001817a 4500 |
| 005 - DATE AND TIME OF LATEST TRANSACTION |
| control field |
20220715124658.0 |
| 008 - FIXED-LENGTH DATA ELEMENTS--GENERAL INFORMATION |
| fixed length control field |
220715s2022en xxu||||| |||| 00| 0 eng d |
| 020 ## - INTERNATIONAL STANDARD BOOK NUMBER |
| International Standard Book Number |
9798775222529 |
| 041 ## - LANGUAGE CODE |
| Language code of text/sound track or separate title |
eng |
| 080 ## - UNIVERSAL DECIMAL CLASSIFICATION NUMBER |
| Universal Decimal Classification number |
338.48+796.5 V-98 |
| 100 ## - MAIN ENTRY--PERSONAL NAME |
| Personal name |
Vučetić, Aleksa Š. |
| 9 (RLIN) |
14422 |
| 245 ## - TITLE STATEMENT |
| Title |
STRATEGIC MANAGEMENT IN TOURISM / |
| Statement of responsibility, etc. |
Aleksa S, Vučetić |
| 264 ## - PRODUCTION, PUBLICATION, DISTRIBUTION, MANUFACTURE, AND COPYRIGHT NOTICE |
| Place of production, publication, distribution, manufacture |
Britain, |
| Date of production, publication, distribution, manufacture, or copyright notice |
2022. |
| 300 ## - PHYSICAL DESCRIPTION |
| Extent |
260 pages. |
| Dimensions |
27cm. |
| 653 ## - INDEX TERM--UNCONTROLLED |
| keyword |
STRATEGIC MANAGEMENT IN TOURISM |
| 653 ## - INDEX TERM--UNCONTROLLED |
| keyword |
სტრატეგიული მენეჯმენტი ტურიზმში |
| 942 ## - ADDED ENTRY ELEMENTS (KOHA) |
| Source of classification or shelving scheme |
|
| Koha item type |
წიგნი |